Statistics for Drake "Take Care" Quiz

Click here to take the quiz!

General Stats

  • This quiz has been taken 945 times
    (944 since last reset)
  • The average score is 10 of 19

Answer Stats

Take Care % Correct
Take Care ft. Rihanna
93%
Marvin's Room/Buried Alive Interlude ft. Kendrick Lamar
68%
Headlines
66%
HYFR (Hell Yeah Fuckin' Right) ft. Lil Wayne
60%
Crew Love ft. The Weeknd
58%
The Motto ft. Lil Wayne
58%
Shot For Me
57%
Over My Dead Body
53%
Underground Kings
51%
Make Me Proud ft. Nicki Minaj
50%
Cameras/Good Ones Go Interlude
47%
Practice
45%
Lord Knows ft. Rick Ross
43%
Doing It Wrong ft. Stevie Wonder
42%
The Real Her ft. Lil Wayne & Andre 3000
36%
We'll Be Fine
34%
The Ride ft. The Weeknd
33%
Look What You've Done
32%
Hate Sleeping Alone
26%

Score Distribution

Percentile by Number Answered

Percent of People with Each Score

Your Score History

You have not taken this quiz since the last reset